|
|
|
|
| LEADER |
00000nam0a2200000 4500 |
| 001 |
38617 |
| 005 |
20231031010328.0 |
| 035 |
|
|
|a (RuTPU)RU\TPU\book\39404
|
| 090 |
|
|
|a 38617
|
| 100 |
|
|
|a 20020312d1979 k y0rusy50 ca
|
| 101 |
1 |
|
|a rus
|c rus
|
| 102 |
|
|
|a RU
|
| 105 |
|
|
|a a z 001zy
|
| 200 |
1 |
|
|a Теоретические основы проектирования компиляторов
|e пер. с англ.
|f Ф. Льюис, Д. Розенкранц, Р. Стирнз
|
| 210 |
|
|
|a Москва
|c Мир
|d 1979
|
| 215 |
|
|
|a 654 с.
|c ил.
|
| 320 |
|
|
|a Библиогр.: с. 629-642.
|
| 320 |
|
|
|a Указ. имен., предм.: с. 643-650.
|
| 610 |
1 |
|
|a информатика
|
| 610 |
1 |
|
|a компиляторы
|
| 610 |
1 |
|
|a проектирование
|
| 610 |
1 |
|
|a конечные автоматы
|
| 675 |
|
|
|a 681.3.06
|v 3
|
| 700 |
|
1 |
|a Льюис
|b Ф.
|g Филип
|
| 701 |
|
1 |
|a Розенкранц
|b Д.
|g Даниэл
|
| 701 |
|
1 |
|a Стирнз
|b Р.
|g Ричард
|
| 801 |
|
1 |
|a RU
|b 63413507
|c 20020312
|g PSBO
|
| 801 |
|
2 |
|a RU
|b 63413507
|c 20160627
|g PSBO
|
| 900 |
|
|
|a Системы программного обеспечения нефтегазовых производств
|
| 942 |
|
|
|c BK
|